00570nam a22001931 450000500170000000800410001701000170005802000260007502000260010103500170012703700160014404000180016008200060017810000220018424500470020626000350025327000600028830000280034820050808122104.0721219s1962 nyu 000 0 eng  aB-346675-686 a9780007228294c325.00 a9780007228294c325.00 aB-346675-686 bAakar Books adplbEnglish  aN aBuckley, Jonathan aSo he takes the dog /cby Jonathan Buckley aLondonbHarper Perennialc2008 a77-85, Fulham Palace Road, Hammersmithb LondoneW6 8JB a327, 16p.c20cm. (pbk)